000
00152nam a22000857a 4500
082
_a
823
100
_a
LITA JACOB
245
_a
THE JUMBO SAFARI
942
_c
BK
999
_c
8249
_d
8249